Statistics for Footballers by Career - Zenit St Petersburg

Click here to take the quiz!

General Stats

  • This quiz has been taken 16 times
  • The average score is 6 of 10

Answer Stats

Player% Correct
Andrey Arshavin
100%
Axel Witsel
100%
Hulk
88%
Sardar Azmoun
69%
Yuri Zhirkov
63%
Danny
44%
Anatoliy Tymoshchuk
38%
Aleksandr Kerzhakov
31%
Roman Shirokov
19%
Igor Denisov
13%

Score Distribution

Percentile by Number Answered

Percent of People with Each Score

Your Score History

You have not taken this quiz